000 00699cam a22002413a 4500
001 2172
003 PGUSA
005 20140828083011.0
008 000501s2000||||xxu|||||s|||||000 1 eng d
040 _aPGUSA
_beng
042 _adc
050 4 _aPS
100 1 _aBarbour, A. Maynard
_q(Anna Maynard),
_d-1941
245 1 0 _aThat Mainwaring Affair
_h[electronic resource] /
_cA. Maynard Barbour
260 _bProject Gutenberg,
_c2000
506 _aPublic domain in the USA.
516 _aElectronic text
653 _aDetective and mystery stories
653 _aNew York (N.Y.) -- Fiction
830 0 _aProject Gutenberg
_v2172
856 4 0 _uhttp://www.gutenberg.org/ebooks/2172
942 _cEB
999 _c231510
_d231510